Statistics for Countries Closest to Thailand - 30 Second Sprint

Click here to take the quiz!

General Stats

  • This quiz has been taken 100 times
  • The average score is 12 of 20

Answer Stats

kmcountrymiles% Correct
0Laos0
97%
0Myanmar0
92%
0Cambodia0
89%
115China71
89%
0Malaysia0
89%
486India302
84%
104Vietnam65
84%
301Indonesia187
79%
524Singapore325
74%
579Bangladesh360
56%
1341Brunei833
56%
1440Philippines895
51%
993Bhutan617
48%
1258Nepal782
48%
2053Japan1276
44%
1734Taiwan1077
41%
1810Sri Lanka1125
36%
2766South Korea1719
33%
2648Pakistan1645
30%
2396Mongolia1489
11%

Score Distribution

Percentile by Number Answered

Percent of People with Each Score

Your Score History

You have not taken this quiz